000 00934nam a2200265 a 4500
001 BRCA_3983
005 20190320204512.0
008 150110s1932----gw-a######---#000-0#ger-#
041 _ager
044 _agw
050 4 _aNE654.D8
_b.M43 1
_c1932
100 1 _aMeder, Joseph
_d1857-1934
_910354
245 1 0 _aDürer-Katalog
_bein Handbuch über Albrecht Dürers Stiche, Radierungen, Holzschnitte, deren Zustände, ausgaben und wasserzeichen
_cJoseph Meder.
260 _aWien, Alemania
_bGilhofer & Ranschburg
_c1932
300 _axxiii, 357 p.
_bil.
_c29 cm.
500 _aIncluye 190 ilustraciones y 52 grabados, índice de abreviaturas e índice de ilustraciones
500 _aEjemplar igual a D129
500 _aCDE62
504 _aBibliografía: p. xxi-xxiii
600 1 4 _aDurero, Alberto
_d1471-1528
_910301
650 1 4 _aGrabadores alemanes
_97216
650 1 4 _aPintores alemanes
_9797
902 _aGFM
942 _2lcc
_cB
999 _c3709
_d3709